Gregor Schlierenzauer - wygrane konkursy PŚ - Statystyki

Ogólne statystyki
  • Ten quiz został rozwiązany 75 razy
  • Średni wynik to 41 z 53
Statystyki odpowiedzi
Numer Miejscowość Rok % Poprawnych
7 Zakopane 2008
95%
16 Zakopane 2009
95%
30 Zakopane 2010
95%
31 Zakopane 2010
95%
39 Zakopane 2012
95%
9 Oslo 2008
94%
49 Oslo 2013
94%
10 Planica 2008
94%
11 Planica 2008
94%
24 Planica 2009
94%
35 Planica 2011
94%
50 Planica 2013
94%
22 Lahti 2009
92%
19 Sapporo 2009
88%
23 Vikersund 2009
88%
33 Vikersund 2011
88%
34 Vikersund 2011
88%
46 Vikersund 2013
88%
28 Innsbruck 2010
83%
44 Innsbruck 2013
83%
1 Lillehammer 2006
83%
8 Lillehammer 2008
83%
25 Lillehammer 2009
83%
41 Lillehammer 2012
83%
52 Lillehammer 2013
83%
53 Lillehammer 2013
83%
3 Oberstdorf 2006
83%
37 Oberstdorf 2011
83%
51 Ruka 2013
82%
2 Engelberg 2006
78%
13 Engelberg 2008
78%
26 Engelberg 2009
78%
43 Engelberg 2012
78%
12 Trondheim 2008
78%
20 Willingen 2009
78%
32 Willingen 2010
78%
6 Garmisch-Partenkirchen 2008
74%
27 Garmisch-Partenkirchen 2010
74%
38 Garmisch-Partenkirchen 2012
74%
40 Predazzo 2012
72%
4 Bischofshofen 2007
69%
45 Bischofshofen 2013
69%
36 Harrachov 2011
69%
47 Harrachov 2013
69%
48 Harrachov 2013
69%
5 Klingenthal 2007
68%
21 Klingenthal 2009
68%
17 Whistler 2009
52%
18 Whistler 2009
52%
42 Krasnaja Polana 2012
29%
14 Bad Miterndorf 2009
18%
15 Bad Miterndorf 2009
18%
29 Bad Miterndorf 2010
18%
Nie znaleziono quizów pasujących do podanych kryteriów
Rozkład punktacji
Procent ludzi z każdym wynikiem
Percentyl według liczby udzielonych odpowiedzi
Twoja historia wyników
Nie rozwiązałeś tego quizu